| 000 | 01696nam a2200301 a 4500 | ||
|---|---|---|---|
| 001 | BRCA_4958 | ||
| 005 | 20190320204858.0 | ||
| 008 | 221010s1786----sp-######v---#000-0#spa-# | ||
| 041 | _aspa | ||
| 044 | _asp | ||
| 084 |
_aDOC54 _b.D63 _c1786 |
||
| 245 | 1 | 0 |
_aDocumento firmado por el [Rey Carlos III] _cCarlos III, Don Antonio María de Bucareli. |
| 260 |
_aAranjuez, Madrid _c1786 |
||
| 300 |
_a[5] fojas _c30 x 21 cm |
||
| 500 | _aDocumento firmado el 11 de mayo de 1786 | ||
| 500 | _aDocumento dirigido al Arzobispo de México encargándole, que informándose reservadamente sobre los particulares que contiene la copia de representación que se le incluyo el 13 de noviembre de 1778, igual que a Don Antonio María de Bucareli, con la cédula que se cita que se haga igualmente al Consejo, especialmente en lo relativo al desorden que en ella se enuncia haberse experimentado en aquella Provincia de la Orden de Predicadores de las Misiones de California. | ||
| 500 | _aEl documento tiene la leyenda DOC. #64 | ||
| 500 | _a[Real cédula] firmada como ´Yo el Rey´ | ||
| 500 | _aEstado de conservación: Contiene manchas de acidificación y esta maltratado de el margén derecho | ||
| 506 | 0 | _aFondo reservado: para su consulta es necesario credencial de usuario y carta de motivos | |
| 546 | _aTexto en: español de finales del siglo XVIII | ||
| 600 | 1 | 4 |
_aCarlos _bIII _cRey de España _d1716-1788 _94628 |
| 651 | 4 |
_aMéxico _vManuscrito _xHistoria _yColonia, 1521-1821 _912615 |
|
| 651 | 4 |
_aEspaña _vManuscrito _xHistoria _yCasa de Borbón, 1700 _912616 |
|
| 700 | 1 |
_aBucareli y Ursúa, María Antonio _cVirrey de Nueva España _d1717-1779 _912617 |
|
| 902 | _aFDH | ||
| 942 |
_2lcc _cD |
||
| 999 |
_c4652 _d4652 |
||